OTEC IGNATIJ ČOKINA A JEHO DUCHOVNÝ ZÁPAS

Bibliographic Details
Main Author: Mitrík, Martin (Author)
Format: Article
Language:Slovak

MARC

LEADER 00000nab a2200000uu 4500
001 vtls011141212
003 SK-MaSNL
005 20260303151128.0
008 230222|2000 xo |||||||||||||||||slo|
015 |a SNBRB 
035 |a (urnnbn)urn:nbn:sk:snk:ar-008cay 
035 |a (uuid)db19dfcf-d8b1-4bef-bf71-5965fac7c8a0 
035 |a urn:nbn:sk:snk-abasz1 
040 |a SNKBUCL  |b slo  |c SNKBUCL  |e AACR2 
041 0 |a slo 
044 |a xo  |c SK 
100 1 |a Mitrík, Martin  |4 aut  |9 1082634 
245 1 0 |a OTEC IGNATIJ ČOKINA A JEHO DUCHOVNÝ ZÁPAS  |c Martin Mitrík 
773 0 |t Pravoslávny teologický zborník  |g Č. 23 (2000), s. 182-186 
954 |a odborná, vedecká literatúra pôvodná (slovenská)  |2 lita 
958 |a OND 
958 |a EUIPO 
958 |a article14 
999 |c 2016164  |d 2018094